L'Union de l'âme et du corps chez Malebrance, Biran et Bergson
Saved in:
| Hovedforfatter: | |
|---|---|
| Andre forfattere: | |
| Format: | Bog |
| Sprog: | engelsk |
| Udgivet: |
Paris, France:
Vrin,
2002
|
| Serier: | Bibliothèque des textes philosophiques
|
| Fag: | |
| Tags: |
Tilføj Tag
Ingen Tags, Vær først til at tagge denne postø!
|
MARC
| LEADER | 00000nam a22000007a 4500 | ||
|---|---|---|---|
| 003 | CL-VaPUC | ||
| 005 | 20220718120111.0 | ||
| 008 | 220422b2002 ||||| |||| 00| 0 eng d | ||
| 999 | |c 435481 |d 435479 | ||
| 020 | |a 2-7116-1333- | ||
| 040 | |c Pontificia Universidad Católica de Valparaíso | ||
| 082 | 0 | 4 | |2 22 |a 194 MER 2002 |
| 100 | 1 | |a Merleau-Ponty, Maurice |9 302544 |e auteur | |
| 245 | 1 | 2 | |a L'Union de l'âme et du corps chez Malebrance, Biran et Bergson |
| 260 | |a Paris, France: |b Vrin, |c 2002 | ||
| 300 | |a 156 páginas | ||
| 490 | 0 | |a Bibliothèque des textes philosophiques | |
| 500 | |a C1. Donación Facultad de Teología, libro pertenciente a la Profesora Eugenia Colomer (Q.E.P.D). Correo en papel 01/04/2022 | ||
| 583 | |c 20220422 |k Catalogador Asistente | ||
| 600 | |a Malebranche, Nicolás, |d 1638-1715 |9 348518 | ||
| 600 | |a Maine de Biran, François-Pierre, |d 1766-1824 |9 861990 | ||
| 600 | |a Bergson, Henri, |d 1859-1941 |9 871363 | ||
| 650 | 1 | |a Filosofía francesa |9 255698 |x Crítica e interpretación | |
| 650 | 1 | |a Filosofía moderna |9 258121 |x Crítica e interpretación | |
| 650 | 1 | |a Alma y cuerpo |x Aspectos filosóficos |x Crítica e interpretación |9 871384 | |
| 700 | |a Deprun, Jean |e compilateur et auteur |9 868731 | ||
| 942 | |2 ddc |c BK | ||
| 952 | |0 0 |1 0 |2 ddc |4 0 |6 194_000000000000000_MER_2002 |7 0 |8 A |9 582751 |a BIBTEO |b BIBTEO |c GEN |d 2022-04-22 |e Donación |i 5650911 |o 194 MER 2002 |p 5650911 |r 2025-01-17 |t 1 |w 2022-04-22 |y BK |k ICR | ||